000 01357njm a2200325Ia 4500
001 69193
003 IT-RoPAU
005 20220918181156.0
008 131025s9999 xx 000 0 und d
040 _aIT-RoPAU
040 _cIT-RoPAU
041 _aITALIANO
999 _c102566
_d102566
999 _bn.d.
100 _aMusso Adelmo
_923986
100 _eAutore musica
_923987
100 _gCodice autore musica SPICS: 20012
_923988
245 _aMaria madre del Signore (libretto, cassetta e 45 diapositive)-Seconda parte
250 _a1a ed.
260 _aROMA
260 _bEP - CENTRO CATECHISTICO
_c1988 [1a Ed.:1988 - Ed. Lingua Orig.: 1988]
300 _aDIAPOMONTAGGIO
300 _c (Testo: 46 pag.)
500 _aDiapomontaggio catechistico sonorizzato. Itinerari di catechesi per bambini, ragazzi e adulti. Visualizzazione dei Vangeli di alcune feste liturgiche. Proposte per la preghiera del rosario. Schema per vivere un mese mariano
505 _aBrani biblici e liturgici riferiti ai Misteri dolorosi e gloriosi
511 _aGifuni Noemi, Lori Alberto
650 _aCATECHESI [DIAPOMONTAGGIO SONORIZZATO]
_eCodice MATERIA SPICS: 9971
_923989
700 _aBattistella Bruna
_eAutore testo e musica
_gCodice autore testo/musica SPICS: 19969
_923990
700 _aQuaglini Giuliana Agnes
_eAutore
_gCodice autore SPICS: 2271
_923991
942 _cDI
_2ddc